000 00537nam a2200229Ia 4500
003 OSt
005 20221005130034.0
006 a|||||r|||| 00| 0
007 ta
008 221004b |||||||| |||| 00| 0 mal d
024 _a53261
037 _cTextual
040 _aCRL
_cCRL
_bmal
041 _2mal
_amal
082 _aNR21xI80:g, 32L8
245 0 _aPurandaradasa
260 _c1978
650 _a MUSIC
_917402
650 _aARTS
942 _hNR21xI80:g, 32L8
_cTEXL
_2cc
999 _c1055887
_d1055887